000 00471nam a2200181Ia 4500
005 20250508160806.0
008 008 250505s9999 xx 000 0 hin d
037 _aTextual
040 _aFEDL
_beng
_cFEDL
041 _ahin
_2hin
084 _a915.46, JIW
_qFEDL
100 _aJivan Lal
_9769382
245 0 _aKashmir
260 _aDelhi, India
_bRajpal and Sons
_c1973
300 _a108p.
942 _cTEXL
_h915.46, JIW
999 _c1366657
_d1366657